Experimental atomic physics / (Record no. 9400)
[ view plain ]
| 000 -LEADER | |
|---|---|
| fixed length control field | 01165cam a2200313 i 4500 |
| 001 - CONTROL NUMBER | |
| control field | 9400 |
| 003 - CONTROL NUMBER IDENTIFIER | |
| rucl marc code | BD-RjUL |
| 005 - DATE AND TIME OF LATEST TRANSACTION | |
| control field | 20211208234754.0 |
| 008 - FIXED-LENGTH DATA ELEMENTS--GENERAL INFORMATION | |
| fixed length control field | 140120r1961 nyua b 001 0 eng |
| 020 ## - INTERNATIONAL STANDARD BOOK NUMBER | |
| International Standard Book Number | 0882756001 |
| 035 ## - SYSTEM CONTROL NUMBER | |
| System control number | (BD-RjUL)9445 |
| 040 ## - CATALOGING SOURCE | |
| Original cataloging agency | DLC |
| Transcribing agency | DLC |
| Modifying agency | DLC |
| -- | BD-RjUL |
| Language of cataloging | eng |
| 041 ## - LANGUAGE CODE | |
| Language code of text/sound track or separate title | eng |
| 082 00 - DEWEY DECIMAL CLASSIFICATION NUMBER | |
| Classification number | 539.7 |
| Author mark and year | HAE 1961 |
| 100 1# - MAIN ENTRY--PERSONAL NAME | |
| Personal name | Harnwell, G. P. |
| Fuller form of name | (Gaylord Probasco), |
| Dates associated with a name | 1903-1982. |
| 9 (RLIN) | 27907 |
| 245 10 - TITLE STATEMENT | |
| Title | Experimental atomic physics / |
| Statement of responsibility, etc. | by G. P. Harnwell and J. J. Livingood. |
| 260 ## - PUBLICATION, DISTRIBUTION, ETC. (IMPRINT) | |
| Place of publication, distribution, etc. | New York : |
| Name of publisher, distributor, etc. | McGraw-Hill, |
| Date of publication, distribution, etc. | c1933, 1961. |
| 300 ## - PHYSICAL DESCRIPTION | |
| Pagination | xiii, 472 p. : |
| Illustrations | ill. ; |
| Size | 24 cm. |
| 490 ## - SERIES STATEMENT | |
| Series statement | International series in pure and applied physics. |
| 500 ## - GENERAL NOTE | |
| General note | Reprint of the 1933 ed. published by McGraw-Hill, New York, in series: International series in physics. |
| 504 ## - BIBLIOGRAPHY, ETC. NOTE | |
| Bibliography, etc | Includes bibliographical references and indexes. |
| 650 #0 - SUBJECT ADDED ENTRY--TOPICAL TERM | |
| Topical term or geographic name as entry element | Radiation |
| General subdivision | Measurement. |
| 9 (RLIN) | 27949 |
| Topical term or geographic name as entry element | Matter |
| General subdivision | Properties. |
| 9 (RLIN) | 23861 |
| 700 1# - ADDED ENTRY--PERSONAL NAME | |
| Personal name | Livingood, John J. |
| Fuller form of name | (John Jacob), |
| Dates associated with a name | 1903- |
| Relator term | joint author. |
| 830 ## - SERIES ADDED ENTRY--UNIFORM TITLE | |
| Uniform title | International series in pure and applied physics |
| 942 ## - ADDED ENTRY ELEMENTS (KOHA) | |
| Source of classification or shelving scheme | Dewey Decimal Classification |
| Koha item type | Books |
| Lost status | Source of classification or shelving scheme | Damaged status | Not for loan | Collection code | Permanent Location | Current Location | Shelving location | Date acquired | Source of acquisition | Cost, normal purchase price | Total Checkouts | Full call number | Date last seen | Copy number | Koha item type |
|---|---|---|---|---|---|---|---|---|---|---|---|---|---|---|---|
| Dewey Decimal Classification | Non-fiction | Central Library, University of Rajshahi | Central Library, University of Rajshahi | 13/11/1968 | Zeitlinger | 48.00 | 539.7 HAE 1961 | 20/01/2014 | C-4 | Books | |||||
| Dewey Decimal Classification | Not For Loan | Non-fiction | Central Library, University of Rajshahi | Central Library, University of Rajshahi | Reading Room | 02/09/1967 | Publishers Limited | 48.12 | 539.7 HAE 1933 | 27/03/2017 | C-1 | Books | |||
| Dewey Decimal Classification | Non-fiction | Central Library, University of Rajshahi | Central Library, University of Rajshahi | 13/11/1968 | Zeitlinger | 98.00 | 539.7 HAE 1961 | 11/05/2017 | C-2 | Books | |||||
| Dewey Decimal Classification | Non-fiction | Central Library, University of Rajshahi | Central Library, University of Rajshahi | 13/11/1968 | Zeitlinger | 98.00 | 539.7 HAE 1961 | 11/05/2017 | C-3 | Books | |||||
| Dewey Decimal Classification | Non-fiction | Central Library, University of Rajshahi | Central Library, University of Rajshahi | 13/11/1968 | Zeitlinger | 98.00 | 539.7 HAE 1961 | 11/05/2017 | C-5 | Books | |||||
| Dewey Decimal Classification | Non-fiction | Central Library, University of Rajshahi | Central Library, University of Rajshahi | 05/01/1959 | magraw | 7.20 | 539.7 HAE 1933 | 11/05/2017 | C-6 | Books | |||||
| Dewey Decimal Classification | Non-fiction | Central Library, University of Rajshahi | Central Library, University of Rajshahi | 02/01/1959 | magraw | 7.20 | 539.7 HAE 1933 | 11/05/2017 | C-7 | Books |